[Event "GRE-chT 52nd"]
[Site "Loutraki"]
[Date "2025.06.30"]
[Round "3.63"]
[White "Makridis, Dimitrios"]
[Black "Dounis, Alexandros"]
[Result "1-0"]
[WhiteElo "2283"]
[BlackElo "2238"]
[PlyCount "109"]
[EventDate "2025.06.28"]
[EventType "team-swiss"]
[EventRounds "7"]
[EventCountry "GRE"]
[SourceTitle "CB28_2025"]
[SourceDate "2025.07.09"]
[SourceVersion "1"]
[SourceVersionDate "2025.07.09"]
[SourceQuality "1"]
[WhiteTeam "Evoiki ES"]
[BlackTeam "Peristeriou PS"]
[WhiteTeamCountry "GRE"]
[BlackTeamCountry "GRE"]

1. e4 c6 2. d4 d5 3. exd5 cxd5 4. Bd3 Nc6 5. c3 e5 6. dxe5 Nxe5 7. Qe2 Qe7 8. Bb5+ Bd7 9. Bxd7+ Kxd7 10. Be3 Nc4 11. Nd2 Nxe3 12. fxe3 Re8 13. 0-0-0 Kc8 14. Qb5 Nf6 15. Ngf3 Qc5 16. Qa4 Bd6 17. Nf1 Kb8 18. Nd4 Ne4 19. Qc2 Re5 20. Nd2 Nxd2 21. Qxd2 Rhe8 22. Rhe1 Bc7 23. h3 a6 24. Re2 Qe7 25. Rf1 Bb6 26. Rf3 g6 27. g4 Re4 28. Nc2 Qd7 29. Ref2 R8e7 30. Qd3 h5 31. gxh5 gxh5 32. Kd2 Ka7 33. Nd4 Bxd4 34. cxd4 R4e6 35. Qa3 Rc6 36. Rf6 Ree6 37. Rxf7 Qc8 38. Qd3 Qd8 39. a3 Qb6 40. b4 a5 41. Rd7 Rf6 42. Rxf6 Rxf6 43. Qc3 Rf2+ 44. Ke1 Rf3 45. Rxd5 axb4 46. axb4 Rxh3 47. Kd2 Qe6 48. Ra5+ Kb8 49. d5 Rh2+ 50. Kc1 Rh1+ 51. Kb2 Qd6 52. Qh8+ Kc7 53. Rc5+ Kb6 54. Qd4 Qd7 55. Rc6+ 1-0

[Event "Titled Tuesday intern op 20th Aug Late"]
[Site "Chess.com INT"]
[Date "2024.08.20"]
[Round "3"]
[White "Makridis, Dimitrios"]
[Black "Alavkin, Arseny Nailievich"]
[Result "1-0"]
[WhiteElo "2301"]
[BlackElo "2367"]
[PlyCount "113"]
[EventDate "2024.08.20"]
[EventType "swiss (blitz)"]
[EventRounds "11"]
[EventCountry "USA"]
[SourceTitle "EXT 2025"]
[Source "ChessBase"]
[SourceDate "2024.10.14"]
[SourceVersion "1"]
[SourceVersionDate "2024.10.14"]
[SourceQuality "1"]

1. e4 c5 2. Nf3 d6 3. d4 cxd4 4. Nxd4 Nf6 5. Nc3 a6 6. h3 e5 7. Nb3 Nc6 8. g4 h6 9. Be3 b5 10. Qf3 Be7 11. 0-0-0 Be6 12. Kb1 Rc8 13. Nd5 Bxd5 14. exd5 Na5 15. Nxa5 Qxa5 16. h4 Qa4 17. Qe2 Nxg4 18. Bc1 Nf6 19. Rg1 g6 20. f4 Qe4 21. fxe5 Qxe2 22. Bxe2 dxe5 23. d6 Bd8 24. a4 bxa4 25. Bxa6 Rb8 26. Rgf1 Ne4 27. Ka2 Bxh4 28. Rd5 Bg3 29. Bb5+ Kf8 30. c4 Kg7 31. d7 Rhd8 32. Be3 Nf6 33. Bxh6+ Kxh6 34. Rxf6 Kg7 35. Rc6 e4 36. Rd4 e3 37. Re4 Rxd7 38. Rxe3 Bf4 39. Re4 Bh6 40. Rxg6+ Kxg6 41. Bxd7 f5 42. Re6+ Kg5 43. Bxa4 Bg7 44. b3 f4 45. Bc6 Rb6 46. c5 Ra6+ 47. Kb1 Bd4 48. Rd6 Be3 49. b4 Ra3 50. Kc2 Kg4 51. Bd5 Kg3 52. Rg6+ Kf2 53. c6 Bd4 54. b5 Rc3+ 55. Kb1 Rc5 56. b6 Rb5+ 57. Kc2 1-0

[Event "Titled Tuesday intern op 20th Aug Late"]
[Site "Chess.com INT"]
[Date "2024.08.20"]
[Round "11"]
[White "Makridis, Dimitrios"]
[Black "Belov, Alexei"]
[Result "1-0"]
[WhiteElo "2301"]
[BlackElo "2421"]
[PlyCount "89"]
[EventDate "2024.08.20"]
[EventType "swiss (blitz)"]
[EventRounds "11"]
[EventCountry "USA"]
[SourceTitle "EXT 2025"]
[Source "ChessBase"]
[SourceDate "2024.10.14"]
[SourceVersion "1"]
[SourceVersionDate "2024.10.14"]
[SourceQuality "1"]

1. e4 e6 2. d4 d5 3. Nc3 Nf6 4. e5 Nfd7 5. f4 c5 6. Nf3 Nc6 7. Be3 Qb6 8. Qd2 Qxb2 9. Rb1 Qa3 10. Bb5 Qa5 11. 0-0 Be7 12. f5 cxd4 13. Nxd4 Ndxe5 14. fxe6 Bxe6 15. Bxc6+ bxc6 16. Rb7 Bd6 17. Nxe6 fxe6 18. Bd4 Bc5 19. Kh1 0-0-0 20. Rxg7 Nc4 21. Qd3 Rdf8 22. Rb1 Bb6 23. Qe2 e5 24. Qg4+ Kb8 25. Qd7 Qa6 26. Bxb6 Nxb6 27. Qc7+ Ka8 28. Qxc6+ Kb8 29. Kg1 Rc8 30. Qd6+ Ka8 31. Nxd5 Rhd8 32. Nc7+ Rxc7 33. Qxd8+ Rc8 34. Qe7 Rxc2 35. Rg8+ Rc8 36. Rxc8+ Qxc8 37. Qxe5 Qc2 38. Qb2 Qe4 39. h3 h5 40. Rf1 Kb7 41. Rf7+ Ka6 42. Qa3+ Kb5 43. Qb3+ Ka6 44. Rf1 h4 45. Rd1 1-0

[Event "Titled Tuesday intern op 20th Aug Late"]
[Site "Chess.com INT"]
[Date "2024.08.20"]
[Round "2"]
[White "Makridis, Dimitrios"]
[Black "Cina, Vittorio"]
[Result "1-0"]
[WhiteElo "2301"]
[BlackElo "2233"]
[PlyCount "87"]
[EventDate "2024.08.20"]
[EventType "swiss (blitz)"]
[EventRounds "11"]
[EventCountry "USA"]
[SourceTitle "EXT 2025"]
[Source "ChessBase"]
[SourceDate "2024.10.14"]
[SourceVersion "1"]
[SourceVersionDate "2024.10.14"]
[SourceQuality "1"]

1. e4 e5 2. Nf3 Nc6 3. Bb5 a6 4. Ba4 Bc5 5. 0-0 Nge7 6. c3 Ba7 7. d4 Ng6 8. Bg5 f6 9. Be3 0-0 10. Nbd2 d6 11. h3 Kh8 12. Bc2 exd4 13. cxd4 Nce7 14. Re1 d5 15. Rc1 Be6 16. a3 c6 17. b4 Qd7 18. Nf1 dxe4 19. Bxe4 Bf5 20. Ng3 Bxe4 21. Nxe4 Nd5 22. Nc5 Qf7 23. Qc2 Rfe8 24. Bd2 Rad8 25. a4 Ngf4 26. Bxf4 Nxf4 27. Qd2 Bxc5 28. bxc5 Nd5 29. Rb1 Kg8 30. Qc2 g6 31. Nd2 Nf4 32. Nc4 Qd5 33. Ne3 Qxd4 34. Red1 Qe5 35. Rxd8 Rxd8 36. Rxb7 Ne6 37. Ng4 Qa1+ 38. Kh2 Ng5 39. h4 h5 40. Nh6+ Kh8 41. hxg5 Qe5+ 42. g3 Qe6 43. Nf7+ Qxf7 44. Rxf7 1-0

[Event "GRE-ch rapid"]
[Site "Ioannina"]
[Date "2024.08.18"]
[Round "7"]
[White "Tzotzolis, Halalambos"]
[Black "Makridis, Dimitrios"]
[Result "1/2-1/2"]
[WhiteElo "2003"]
[BlackElo "2367"]
[PlyCount "112"]
[EventDate "2024.08.17"]
[EventType "swiss (rapid)"]
[EventRounds "9"]
[EventCountry "GRE"]
[SourceTitle "CBM 221 Extra"]
[Source "ChessBase"]
[SourceDate "2024.09.30"]
[SourceVersion "1"]
[SourceVersionDate "2024.09.30"]
[SourceQuality "1"]

1. d4 Nf6 2. c4 e6 3. Nc3 Bb4 4. a3 Bxc3+ 5. bxc3 Ne4 6. e3 0-0 7. Qc2 f5 8. Bd3 b6 9. Ne2 Ba6 10. a4 Nc6 11. Ba3 d6 12. Bb4 Qd7 13. f3 Nf6 14. 0-0 Ne7 15. a5 c5 16. axb6 axb6 17. dxc5 dxc5 18. Ba3 e5 19. Rfd1 Qe6 20. Ng3 g6 21. e4 f4 22. Nf1 Bxc4 23. Qe2 Bxd3 24. Qxd3 Nc6 25. Nd2 Na5 26. Qb5 Qc6 27. Qxc6 Nxc6 28. Nc4 b5 29. Nb6 Ra6 30. Bxc5 Rxa1 31. Rxa1 Rd8 32. Ra8 Rxa8 33. Nxa8 Nd7 34. Bf2 Kf7 35. Nb6 Nxb6 36. Bxb6 Ke6 37. Kf2 b4 38. cxb4 Nxb4 39. Ke2 Nc6 40. Bc5 g5 41. Kd3 h5 42. Kc4 Nd8 43. Kd3 Nf7 44. Bb4 g4 45. Ke2 Ng5 46. Ba3 h4 47. fxg4 Nxe4 48. h3 Ng5 49. Bb4 e4 50. Ba5 f3+ 51. gxf3 exf3+ 52. Kf2 Kd5 53. Bd8 Nxh3+ 54. Kxf3 Ng1+ 55. Kg2 Ne2 56. Bxh4 Nf4+ 1/2-1/2

[Event "GRE-ch blitz"]
[Site "Ioannina"]
[Date "2024.08.16"]
[Round "10"]
[White "Ioannidis, Evgenios"]
[Black "Makridis, Dimitrios"]
[Result "0-1"]
[WhiteElo "2383"]
[BlackElo "2273"]
[PlyCount "76"]
[EventDate "2024.08.16"]
[EventType "swiss (blitz)"]
[EventRounds "11"]
[EventCountry "GRE"]
[SourceTitle "CBM 221 Extra"]
[Source "ChessBase"]
[SourceDate "2024.09.30"]
[SourceVersion "1"]
[SourceVersionDate "2024.09.30"]
[SourceQuality "1"]

1. c4 Nf6 2. Nc3 g6 3. e4 e5 4. Nf3 Bg7 5. Nxe5 Nxe4 6. Nxe4 Bxe5 7. d4 Bg7 8. Bg5 f6 9. Bh4 0-0 10. Nc3 d6 11. Be2 Nc6 12. f4 g5 13. Bf2 f5 14. d5 Nb8 15. fxg5 Qxg5 16. 0-0 Nd7 17. Nb5 Qd8 18. Nxa7 Rxa7 19. Bxa7 b6 20. a4 Bxb2 21. Ra2 Be5 22. Bd3 Nc5 23. a5 Qh4 24. g4 f4 25. Be2 Bd7 26. axb6 cxb6 27. Bxb6 Ne4 28. Bd4 Ng5 29. Bxe5 dxe5 30. Qe1 Qh6 31. h4 Ne4 32. g5 Qd6 33. Bf3 Ng3 34. Qf2 e4 35. Bg2 f3 36. Bh1 Qf4 37. Qh2 Qe3+ 38. Raf2 Ne2# 0-1

[Event "GRE-ch blitz"]
[Site "Ioannina"]
[Date "2024.08.16"]
[Round "8"]
[White "Kazakis, Mattheos Konstantin"]
[Black "Makridis, Dimitrios"]
[Result "0-1"]
[WhiteElo "1776"]
[BlackElo "2273"]
[PlyCount "80"]
[EventDate "2024.08.16"]
[EventType "swiss (blitz)"]
[EventRounds "11"]
[EventCountry "GRE"]
[SourceTitle "CBM 221 Extra"]
[Source "ChessBase"]
[SourceDate "2024.09.30"]
[SourceVersion "1"]
[SourceVersionDate "2024.09.30"]
[SourceQuality "1"]

1. f4 Nf6 2. Nf3 g6 3. g3 Bg7 4. Bg2 0-0 5. 0-0 d6 6. Nc3 e5 7. e4 Nc6 8. d3 h6 9. Nh4 exf4 10. gxf4 Nxe4 11. Nxe4 Qxh4 12. Ng3 Bg4 13. Qd2 Rae8 14. c3 Kh7 15. d4 Ne7 16. Qf2 c6 17. Bd2 Nf5 18. Rae1 d5 19. Rxe8 Rxe8 20. Re1 Rxe1+ 21. Qxe1 Qf6 22. Nf1 Nh4 23. Qg3 Be6 24. Ne3 Nxg2 25. Kxg2 h5 26. Qf2 Bh6 27. Nf1 Bf5 28. Ng3 Be6 29. h3 h4 30. Ne2 Bf5 31. Be1 Bd3 32. Nc1 Be4+ 33. Kh2 Bxf4+ 34. Kg1 Qg5+ 35. Kf1 Qf5 36. Qxh4+ Kg7 37. Ke2 Bxc1 38. Bg3 Bd3+ 39. Kd1 Qf1+ 40. Be1 Qe2+ 0-1

[Event "Titled Tuesday intern op 13th Aug Late"]
[Site "Chess.com INT"]
[Date "2024.08.13"]
[Round "7"]
[White "Ashraf, Artin"]
[Black "Makridis, Dimitrios"]
[Result "1-0"]
[WhiteElo "2383"]
[BlackElo "2301"]
[PlyCount "113"]
[EventDate "2024.08.13"]
[EventType "swiss (blitz)"]
[EventRounds "11"]
[EventCountry "USA"]
[SourceTitle "EXT 2025"]
[Source "ChessBase"]
[SourceDate "2024.10.14"]
[SourceVersion "1"]
[SourceVersionDate "2024.10.14"]
[SourceQuality "1"]

1. e4 c5 2. Nf3 d6 3. d4 cxd4 4. Nxd4 Nf6 5. Nc3 a6 6. b3 e5 7. Nde2 Be6 8. Bb2 Nbd7 9. f4 g6 10. Qd2 Rc8 11. 0-0-0 b5 12. a3 Be7 13. Kb1 Qc7 14. h3 Nc5 15. Ng3 h5 16. f5 Bd7 17. b4 Na4 18. Nxa4 bxa4 19. fxg6 fxg6 20. Bxa6 Rb8 21. Bd3 Kf7 22. Rhf1 h4 23. Ne2 Kg7 24. c4 Be6 25. Rc1 Qc6 26. Nc3 Bxc4 27. Nd5 Bxd5 28. Rxc6 Bxc6 29. Rc1 Rhc8 30. b5 Bxe4 31. Rxc8 Rxc8 32. Bxe4 Nxe4 33. Qd5 Nc5 34. Bc3 Nb3 35. Kb2 Nc5 36. b6 Rb8 37. Ba5 Kf6 38. Kc2 Nb7 39. Bb4 Nd8 40. Bxd6 Rc8+ 41. Bc7 Ne6 42. Qd7 Rf8 43. b7 Nc5 44. Qc6+ Kf5 45. b8Q Rxb8 46. Bxb8 Ne6 47. Qd7 Kf6 48. Bxe5+ Kf7 49. Bd6 Nd4+ 50. Kd3 Nf5 51. Bxe7 Nxe7 52. Qxa4 Ke6 53. Qb3+ Kd6 54. Ke4 g5 55. Qb6+ Kd7 56. Qb5+ Kd6 57. Qxg5 1-0

[Event "Titled Tuesday intern op 13th Aug Late"]
[Site "Chess.com INT"]
[Date "2024.08.13"]
[Round "6"]
[White "Makridis, Dimitrios"]
[Black "Hong, Andrew Z"]
[Result "0-1"]
[WhiteElo "2301"]
[BlackElo "2572"]
[PlyCount "112"]
[EventDate "2024.08.13"]
[EventType "swiss (blitz)"]
[EventRounds "11"]
[EventCountry "USA"]
[SourceTitle "EXT 2025"]
[Source "ChessBase"]
[SourceDate "2024.10.14"]
[SourceVersion "1"]
[SourceVersionDate "2024.10.14"]
[SourceQuality "1"]

1. e4 Nc6 2. Nf3 f5 3. e5 d5 4. d4 e6 5. h4 Nge7 6. Nc3 b6 7. Ne2 Ba6 8. Nf4 Bxf1 9. Kxf1 Qd7 10. Ng5 Nd8 11. g3 c5 12. c3 g6 13. h5 Bh6 14. hxg6 hxg6 15. Nfxe6 Nxe6 16. Nxe6 Qxe6 17. Rxh6 Kd7 18. Kg2 f4 19. Bxf4 Rxh6 20. Bxh6 Rh8 21. Qd2 g5 22. Bxg5 Qh3+ 23. Kf3 Qh5+ 24. Kg2 Ng6 25. e6+ Kc6 26. Re1 Qh2+ 27. Kf3 Rf8+ 28. Ke3 Qg2 29. f4 Qxg3+ 30. Ke2 Qg4+ 31. Kd3 Qf5+ 32. Ke2 Rh8 33. Kd1 Rh2 34. Qxh2 Qb1+ 35. Ke2 Qxb2+ 36. Kd1 Qxh2 37. f5 Qh5+ 38. Kc2 Qxg5 39. fxg6 Qxg6+ 40. Kb2 Kd6 41. e7 Qe8 42. dxc5+ bxc5 43. Kb3 Qxe7 44. Rxe7 Kxe7 45. Ka4 Kd6 46. Kb5 d4 47. cxd4 cxd4 48. Kc4 Ke5 49. Kd3 Kd5 50. a4 a5 51. Kd2 Kc4 52. Kc2 Kb4 53. Kd3 Kxa4 54. Kxd4 Kb3 55. Kd3 a4 56. Kd2 Kb2 0-1

[Event "Titled Tuesday intern op 13th Aug Late"]
[Site "Chess.com INT"]
[Date "2024.08.13"]
[Round "8"]
[White "Makridis, Dimitrios"]
[Black "Kochiev, Ivan"]
[Result "0-1"]
[WhiteElo "2301"]
[BlackElo "2074"]
[PlyCount "144"]
[EventDate "2024.08.13"]
[EventType "swiss (blitz)"]
[EventRounds "11"]
[EventCountry "USA"]
[SourceTitle "EXT 2025"]
[Source "ChessBase"]
[SourceDate "2024.10.14"]
[SourceVersion "1"]
[SourceVersionDate "2024.10.14"]
[SourceQuality "1"]

1. e4 c5 2. Nf3 d6 3. d4 cxd4 4. Nxd4 Nf6 5. Nc3 Nc6 6. Bc4 e6 7. 0-0 a6 8. Be3 Qc7 9. Bb3 Na5 10. f4 b5 11. e5 dxe5 12. fxe5 Qxe5 13. Bf4 Qc5 14. Kh1 Be7 15. Be3 Qc7 16. Qf3 Bb7 17. Qh3 Nxb3 18. axb3 0-0 19. Rae1 Rad8 20. Nxe6 fxe6 21. Qxe6+ Rf7 22. Bb6 Qc6 23. Qxc6 Bxc6 24. Bxd8 Bxd8 25. Re6 Rc7 26. Rd1 Be7 27. h3 Kf7 28. Re2 Nh5 29. Kh2 Nf6 30. Ra1 b4 31. Na4 Bb5 32. Rf2 Bd6+ 33. Kh1 Kg6 34. c4 Bc6 35. Re2 Ne4 36. Re3 Nf2+ 37. Kg1 Bxa4 38. bxa4 Bc5 39. Kxf2 Bxe3+ 40. Kxe3 Rxc4 41. Rd1 Rc2 42. Rd2 Rc1 43. Rd6+ Kf5 44. Rxa6 Rc2 45. b3 Rxg2 46. Kd4 Rg3 47. Kc4 Rxh3 48. a5 g5 49. Ra8 Rh6 50. Rf8+ Ke4 51. Kb5 g4 52. a6 Rh5+ 53. Kb6 Rh1 54. a7 Ra1 55. a8Q+ Rxa8 56. Rxa8 g3 57. Rg8 Kf3 58. Kc5 h5 59. Kxb4 h4 60. Kc4 h3 61. b4 g2 62. Rf8+ Ke4 63. Re8+ Kf5 64. Rf8+ Ke6 65. Rg8 h2 66. Rxg2 h1Q 67. Re2+ Kd6 68. Rd2+ Kc6 69. b5+ Kc7 70. Rd5 Qc1+ 71. Kd4 Qb2+ 72. Kc5 Qc3# 0-1

[Event "Kavala op-A 33rd"]
[Site "Kavala"]
[Date "2024.08.03"]
[Round "7"]
[White "Piddubna, Bozhena"]
[Black "Makridis, Dimitrios"]
[Result "1-0"]
[WhiteElo "2155"]
[BlackElo "2328"]
[PlyCount "144"]
[EventDate "2024.07.29"]
[EventType "swiss"]
[EventRounds "9"]
[EventCountry "GRE"]
[SourceTitle "EXT 2025"]
[Source "ChessBase"]
[SourceDate "2024.10.14"]
[SourceVersion "1"]
[SourceVersionDate "2024.10.14"]
[SourceQuality "1"]

1. d4 Nf6 2. c4 e6 3. g3 c5 4. Nf3 cxd4 5. Nxd4 d5 6. Bg2 e5 7. Nc2 d4 8. 0-0 Nc6 9. e3 d3 10. Ne1 e4 11. Nc3 Bf5 12. f3 Bb4 13. Bd2 exf3 14. Bxf3 Bh3 15. Rf2 0-0 16. Nd5 Bxd2 17. Qxd2 Nd7 18. Nxd3 Nde5 19. b3 Nxf3+ 20. Rxf3 b5 21. Rf2 bxc4 22. bxc4 Rc8 23. Rc1 h6 24. Qb2 Qg5 25. N3f4 Bd7 26. Rcf1 Rfe8 27. Qb7 Ne5 28. Qxa7 Bc6 29. Qd4 Bb7 30. Nb6 Rcd8 31. Nfd5 Bxd5 32. cxd5 Ng4 33. Re2 h5 34. e4 Qg6 35. Nc4 h4 36. Rf3 h3 37. e5 Rb8 38. Rf1 Rb1 39. Nd2 Rxf1+ 40. Kxf1 Rc8 41. Nf3 Rc1+ 42. Ne1 Nxh2+ 43. Rxh2 Qxg3 44. Qf2 Qd3+ 45. Qe2 Qg3 46. Rf2 h2 47. Rxh2 Rxe1+ 48. Qxe1 Qxh2 49. Qe4 Qxa2 50. d6 Qe6 51. Qd4 Qd7 52. Qd5 g5 53. Qe4 Kg7 54. Kg2 Kh6 55. Qf3 Kg7 56. Qf6+ Kh7 57. Kg3 Qa7 58. Kg4 Qg1+ 59. Kf5 Qf2+ 60. Ke4 Qe2+ 61. Kd4 Qd2+ 62. Kc5 Qc3+ 63. Kb6 Qb4+ 64. Kc7 Qc4+ 65. Kd8 g4 66. Ke7 g3 67. Qf5+ Kh6 68. Qh3+ Kg6 69. Qxg3+ Kf5 70. Qf3+ Kxe5 71. Qf6+ Ke4 72. Qh4+ Kd5 1-0

[Event "Kavala op-A 33rd"]
[Site "Kavala"]
[Date "2024.08.01"]
[Round "5"]
[White "Sahin, Sarp"]
[Black "Makridis, Dimitrios"]
[Result "0-1"]
[WhiteElo "2187"]
[BlackElo "2328"]
[PlyCount "106"]
[EventDate "2024.07.29"]
[EventType "swiss"]
[EventRounds "9"]
[EventCountry "GRE"]
[SourceTitle "EXT 2025"]
[Source "ChessBase"]
[SourceDate "2024.10.14"]
[SourceVersion "1"]
[SourceVersionDate "2024.10.14"]
[SourceQuality "1"]

1. e4 c5 2. Nf3 d6 3. Bb5+ Nd7 4. c4 Ngf6 5. 0-0 a6 6. Ba4 g6 7. Nc3 Bg7 8. h3 0-0 9. d3 Rb8 10. Rb1 Ne8 11. Bxd7 Bxd7 12. Bd2 b5 13. b3 h6 14. Qc1 Kh7 15. Re1 b4 16. Nd5 e6 17. Nf4 e5 18. Nd5 f5 19. Nh2 Nf6 20. Nxf6+ Qxf6 21. f3 g5 22. g4 f4 23. a3 a5 24. a4 Kg6 25. Kg2 Rh8 26. Rh1 Rh7 27. Qf1 Rbh8 28. Kf2 Kf7 29. Ke2 Bf8 30. Qg2 Be7 31. Be1 Qg6 32. Bf2 h5 33. Rbg1 Rh6 34. h4 gxh4 35. g5 h3 36. Qf1 Bxg5 37. Qe1 Qf6 38. Nf1 Rg6 39. Nh2 Rhg8 40. Nf1 Bh6 41. Rxg6 Rxg6 42. Rg1 Rg2 43. Nd2 Qg6 44. Qf1 Bf8 45. Rxg2 hxg2 46. Qg1 Be7 47. Qh2 h4 48. d4 h3 49. dxe5 dxe5 50. Qg1 Qh5 51. Qh2 Bh4 52. Bxc5 Bg3 53. Qg1 h2 0-1

[Event "Paleochora op 17th"]
[Site "Paleochora"]
[Date "2024.07.27"]
[Round "9"]
[White "Androutsopoulos Agiotatos, Vasilios"]
[Black "Makridis, Dimitrios"]
[Result "1/2-1/2"]
[WhiteElo "2155"]
[BlackElo "2328"]
[PlyCount "43"]
[EventDate "2024.07.20"]
[EventType "swiss"]
[EventRounds "9"]
[EventCountry "GRE"]
[SourceTitle "CBM 221 Extra"]
[Source "ChessBase"]
[SourceDate "2024.09.30"]
[SourceVersion "1"]
[SourceVersionDate "2024.09.30"]
[SourceQuality "1"]

1. e4 c5 2. Nf3 Nf6 3. e5 Nd5 4. Nc3 e6 5. Ne4 f5 6. Nc3 Nb4 7. a3 N4c6 8. b4 Nd4 9. Bb2 Nbc6 10. Nb5 Nxb5 11. Bxb5 cxb4 12. axb4 Bxb4 13. 0-0 0-0 14. d4 b6 15. c3 Be7 16. d5 Na5 17. Bc1 Bc5 18. Bg5 Qe8 19. dxe6 Qxe6 20. Qd3 Kh8 21. Rfd1 f4 22. Ra4 1/2-1/2

[Event "Paleochora op 17th"]
[Site "Paleochora"]
[Date "2024.07.26"]
[Round "8"]
[White "Makridis, Dimitrios"]
[Black "Trapalis, Theodoros"]
[Result "1-0"]
[WhiteElo "2328"]
[BlackElo "1860"]
[PlyCount "49"]
[EventDate "2024.07.20"]
[EventType "swiss"]
[EventRounds "9"]
[EventCountry "GRE"]
[SourceTitle "CBM 221 Extra"]
[Source "ChessBase"]
[SourceDate "2024.09.30"]
[SourceVersion "1"]
[SourceVersionDate "2024.09.30"]
[SourceQuality "1"]

1. e4 c5 2. Nf3 Nc6 3. Bb5 g6 4. 0-0 Bg7 5. c3 e5 6. d4 cxd4 7. cxd4 exd4 8. Bf4 a6 9. Ba4 Nge7 10. Bd6 b5 11. Bb3 Bb7 12. e5 Nc8 13. Re1 Nxd6 14. exd6+ Kf8 15. Nbd2 f5 16. a4 Rb8 17. axb5 axb5 18. Qe2 Bc8 19. Ng5 Ne5 20. Ndf3 Nxf3+ 21. Qxf3 Bb7 22. Qf4 Bf6 23. Re7 Bxe7 24. dxe7+ Kxe7 25. Qe5+ 1-0

[Event "Paleochora op 17th"]
[Site "Paleochora"]
[Date "2024.07.21"]
[Round "2"]
[White "Karakatsanis, Nikolaos"]
[Black "Makridis, Dimitrios"]
[Result "1-0"]
[WhiteElo "2019"]
[BlackElo "2328"]
[PlyCount "27"]
[EventDate "2024.07.20"]
[EventType "swiss"]
[EventRounds "9"]
[EventCountry "GRE"]
[SourceTitle "CBM 221 Extra"]
[Source "ChessBase"]
[SourceDate "2024.09.30"]
[SourceVersion "1"]
[SourceVersionDate "2024.09.30"]
[SourceQuality "1"]

1. e4 c5 2. Nf3 d6 3. d4 cxd4 4. Nxd4 Nf6 5. Nc3 a6 6. Be3 e5 7. Nb3 Be6 8. f3 h5 9. Nd5 Bxd5 10. exd5 Nbd7 11. Qd2 g6 12. 0-0-0 Qc7 13. Kb1 Bg7 14. Be2 1-0

[Event "Paleochora op 17th"]
[Site "Paleochora"]
[Date "2024.07.20"]
[Round "1"]
[White "Makridis, Dimitrios"]
[Black "Christidis, Savvas"]
[Result "1-0"]
[WhiteElo "2328"]
[BlackElo "1920"]
[PlyCount "93"]
[EventDate "2024.07.20"]
[EventType "swiss"]
[EventRounds "9"]
[EventCountry "GRE"]
[SourceTitle "CBM 221 Extra"]
[Source "ChessBase"]
[SourceDate "2024.09.30"]
[SourceVersion "1"]
[SourceVersionDate "2024.09.30"]
[SourceQuality "1"]

1. e4 e6 2. d4 d5 3. Nc3 Nf6 4. e5 Nfd7 5. f4 c5 6. Nf3 Nc6 7. Be3 cxd4 8. Nxd4 Qb6 9. Qd2 Qxb2 10. Rb1 Qa3 11. Bb5 Nxd4 12. Bxd4 a6 13. Bxd7+ Bxd7 14. Rb3 Qe7 15. Rxb7 Qh4+ 16. Bf2 Qd8 17. Bb6 Qc8 18. Rc7 Qd8 19. Qd4 Ba3 20. Ra7 Qc8 21. Rc7 Qd8 22. Nb1 Be7 23. c4 0-0 24. cxd5 exd5 25. Nc3 Be6 26. f5 Bxf5 27. Nxd5 Bh4+ 28. g3 Be6 29. Rc5 Qd7 30. gxh4 Rab8 31. Rg1 Bxd5 32. Rxd5 Qf5 33. Rxg7+ Kh8 34. Kd2 Rxb6 35. Rg2 Re6 36. Rd8 Rfe8 37. Rg5 Qf3 38. Rxe8+ Rxe8 39. e6+ f6 40. e7 Qc6 41. Rd5 Rxe7 42. Rd8+ Re8 43. Rxe8+ Qxe8 44. Qxf6+ Kg8 45. Qxa6 Qd8+ 46. Kc3 Qc7+ 47. Qc4+ 1-0

[Event "GRE-chT 51st"]
[Site "Trikala"]
[Date "2024.07.07"]
[Round "4.1"]
[White "Aggelis, Nikolaos"]
[Black "Makridis, Dimitrios"]
[Result "1/2-1/2"]
[WhiteElo "2291"]
[BlackElo "2328"]
[PlyCount "60"]
[EventDate "2024.07.04"]
[EventType "team-swiss"]
[EventRounds "7"]
[EventCountry "GRE"]
[SourceTitle "CBM 221 Extra"]
[Source "ChessBase"]
[SourceDate "2024.09.30"]
[SourceVersion "1"]
[SourceVersionDate "2024.09.30"]
[SourceQuality "1"]
[WhiteTeam "Peristeriou PS"]
[BlackTeam "Evoiki ES"]
[WhiteTeamCountry "GRE"]
[BlackTeamCountry "GRE"]

1. d4 Nf6 2. g3 e6 3. Bg2 d5 4. Nf3 b5 5. a4 b4 6. c4 bxc3 7. bxc3 c5 8. c4 Nc6 9. 0-0 Ba6 10. cxd5 Nxd5 11. Ba3 Rc8 12. dxc5 Be7 13. Ra2 0-0 14. Nd4 Ne5 15. Nb5 Bxb5 16. axb5 Bxc5 17. Bxd5 exd5 18. Bxc5 Rxc5 19. Rxa7 d4 20. Ra4 Rd5 21. Rb4 Qd6 22. Rb3 Rb8 23. Nd2 Rdxb5 24. Rxb5 Rxb5 25. Qa4 Qd5 26. Ra1 h6 27. Qa8+ Qxa8 28. Rxa8+ Kh7 29. Rd8 Rb4 30. Rd5 f6 1/2-1/2

[Event "GRE-chT 51st"]
[Site "Trikala"]
[Date "2024.07.04"]
[Round "1.1"]
[White "Markidis, Konstantinos"]
[Black "Makridis, Dimitrios"]
[Result "0-1"]
[WhiteElo "2294"]
[BlackElo "2328"]
[PlyCount "94"]
[EventDate "2024.07.04"]
[EventType "team-swiss"]
[EventRounds "7"]
[EventCountry "GRE"]
[SourceTitle "CBM 221 Extra"]
[Source "ChessBase"]
[SourceDate "2024.09.30"]
[SourceVersion "1"]
[SourceVersionDate "2024.09.30"]
[SourceQuality "1"]
[WhiteTeam "Alexanthroepoles Ethnikos"]
[BlackTeam "Evoiki ES"]
[WhiteTeamCountry "GRE"]
[BlackTeamCountry "GRE"]

1. e4 c5 2. Nf3 d6 3. Bb5+ Nd7 4. c3 a6 5. Ba4 Ngf6 6. Bc2 b5 7. d4 e6 8. 0-0 Bb7 9. Re1 Be7 10. Nbd2 Qc7 11. e5 dxe5 12. dxe5 Nd5 13. Ne4 h6 14. a4 Rd8 15. Ng3 b4 16. Bd2 bxc3 17. bxc3 N5b6 18. Be4 Nc4 19. Bxb7 Qxb7 20. Qe2 Nxd2 21. Nxd2 0-0 22. Nc4 Qc7 23. a5 Nb8 24. Ne4 Nc6 25. f4 Kh8 26. Qe3 Rb8 27. Ned6 f6 28. Red1 fxe5 29. fxe5 Rb3 30. Rd3 Nxa5 31. h3 Nxc4 32. Nxc4 Qb7 33. Rdd1 Qb5 34. Nd6 Qc6 35. Qe2 Rb6 36. Nc4 Rbb8 37. Ra5 Rb5 38. Raa1 Rbb8 39. Ra5 Rb3 40. Nd6 Rxc3 41. Rxa6 Rc2 42. Rxc6 Rxe2 43. Rc7 Bh4 44. Nf7+ Kh7 45. Rf1 Ra8 46. Rf3 Ra1+ 47. Kh2 Ree1 0-1

[Event "Titled Tuesday intern op 21st May Late"]
[Site "Chess.com INT"]
[Date "2024.05.21"]
[Round "5"]
[White "Mei, Austin"]
[Black "Makridis, Dimitrios"]
[Result "1-0"]
[WhiteElo "2280"]
[BlackElo "2328"]
[PlyCount "77"]
[EventDate "2024.05.21"]
[EventType "swiss (blitz)"]
[EventRounds "11"]
[EventCountry "USA"]
[SourceTitle "CBM 220 Extra"]
[Source "ChessBase"]
[SourceDate "2024.07.31"]
[SourceVersion "1"]
[SourceVersionDate "2024.07.31"]
[SourceQuality "1"]

1. e4 c5 2. Nf3 d6 3. d4 cxd4 4. Nxd4 Nf6 5. f3 e6 6. c4 Nc6 7. Nc3 Be7 8. Be3 0-0 9. Qd2 d5 10. exd5 exd5 11. 0-0-0 Re8 12. Kb1 Bb4 13. a3 Nxd4 14. Bxd4 Bf5+ 15. Ka1 Bxc3 16. Qxc3 Rc8 17. Bxf6 Qxf6 18. Qxf6 gxf6 19. cxd5 Bc2 20. Rc1 a6 21. g3 Bb3 22. Bh3 Rxc1+ 23. Rxc1 Bxd5 24. Bg4 Re2 25. Rd1 Bb3 26. Rh1 Kg7 27. Bf5 Bd5 28. Bg4 Kg6 29. f4 Rd2 30. Rd1 Rxd1+ 31. Bxd1 h5 32. Kb1 h4 33. Kc2 hxg3 34. hxg3 f5 35. Kd3 Be4+ 36. Kd4 Kf6 37. Bb3 Ke7 38. Bd5 Bc2 39. Bxb7 1-0